Manual y máximas / (Record no. 185832)

MARC details
000 -LEADER
campo de control de longitud fija 00997nam a2200313 i 4500
001 - NÚMERO DE CONTROL
campo de control 185832
003 - IDENTIFICADOR DE NÚMERO DE CONTROL
campo de control ES-MaACL
005 - FECHA Y HORA DE LA ÚLTIMA TRANSACCIÓN
campo de control 20250829112027.0
007 - CAMPO FIJO DE DESCRIPCIÓN FÍSICA--INFORMACIÓN GENERAL
campo de control de longitud fija t|
008 - DATOS DE LONGITUD FIJA--INFORMACIÓN GENERAL
campo de control de longitud fija 160812s1980 mx |||| |dspa d
020 ## - NÚMERO INTERNACIONAL ESTÁNDAR DEL LIBRO
Número Internacional Estándar del Libro 968-432-563-0
080 ## - NÚMERO DE LA CLASIFICACIÓN DECIMAL UNIVERSAL
Número de la Clasificación Decimal Universal 17.036.2
080 ## - NÚMERO DE LA CLASIFICACIÓN DECIMAL UNIVERSAL
Número de la Clasificación Decimal Universal 1(089.3)
080 ## - NÚMERO DE LA CLASIFICACIÓN DECIMAL UNIVERSAL
Número de la Clasificación Decimal Universal 821.124-84"01"
100 0# - ENTRADA PRINCIPAL--NOMBRE DE PERSONA
Nombre de persona Epicteto.
9 (RLIN) 47322
245 10 - MENCIÓN DEL TÍTULO
Título Manual y máximas /
Mención de responsabilidad, etc. Epicteto
Resto del título . Soliloquios / Marco Aurelio ; estudio preliminar de Francisco Montes de Oca.
246 30 - FORMA VARIANTE DEL TITULO
Título propio/Titulo breve Soliloquios
250 ## - MENCION DE EDICION
Mención de edición 2ª ed.
260 ## - PUBLICACIÓN, DISTRIBUCIÓN, ETC.
Lugar de publicación, distribución, etc. México :
Nombre del editor, distribuidor, etc. Porrúa,
Fecha de publicación, distribución, etc. 1980.
300 ## - DESCRIPCIÓN FÍSICA
Extensión LXXII, 161 p. ;
Dimensiones 22 cm.
490 1# - MENCIÓN DE SERIE
Mención de serie "Sepan cuantos..." ;
Designación de volumen o secuencia 283
650 04 - PUNTO DE ACCESO ADICIONAL DE MATERIA--TÉRMINO DE MATERIA
Término de materia o nombre geográfico como elemento de entrada Estoicos.
9 (RLIN) 12556
650 04 - PUNTO DE ACCESO ADICIONAL DE MATERIA--TÉRMINO DE MATERIA
Término de materia o nombre geográfico como elemento de entrada Filosofía-
Subdivisión de forma Máximas y aforismos.
9 (RLIN) 12817
700 0# - ENTRADA AGREGADA--NOMBRE PERSONAL
Nombre de persona Marco Aurelio,
Títulos y otros términos asociados al nombre Emperador de Roma.
9 (RLIN) 184417
700 1# - ENTRADA AGREGADA--NOMBRE PERSONAL
Nombre de persona Montes de Oca, Francisco.
9 (RLIN) 82567
830 00 - PUNTO DE ACCESO ADICIONAL DE SERIE-TÍTULO UNIFORME
Título uniforme Sepan cuantos_
Designación de volumen o secuencia 283
9 (RLIN) 180801
852 ## - LOCALIZACIÓN
Ubicación ES-MaACL
Número de control de estantería L-30549
Nota libre . - Donat. Miguel A. Velasco
Holdings
Estatus retirado Estado de pérdida Estado de daño No para préstamo Biblioteca de origen Biblioteca actual Ubicación en estantería Fecha de adquisición Fuente de adquisición Total de préstamos Signatura topográfica completa Código de barras Visto por última vez Precio de reemplazo Tipo de ítem Koha
        Biblioteca del Ateneo de Madrid Biblioteca del Ateneo de Madrid Depósito 2 12/08/2016     L-30549 1195890 23/02/2023 23/02/2023 Libro impreso